|
|
|
|
| LEADER |
01500nam a2200373 a 4500 |
| 001 |
EBC1186467 |
| 003 |
MiAaPQ |
| 005 |
20200520144314.0 |
| 006 |
m o d | |
| 007 |
cr cn||||||||| |
| 008 |
130529s1986 enk sb 001 0 eng d |
| 020 |
|
|
|z 9780415825054
|
| 020 |
|
|
|a 9780203660003 (electronic bk.)
|
| 035 |
|
|
|a (MiAaPQ)EBC1186467
|
| 035 |
|
|
|a (Au-PeEL)EBL1186467
|
| 035 |
|
|
|a (CaPaEBR)ebr10699341
|
| 035 |
|
|
|a (CaONFJC)MIL487129
|
| 035 |
|
|
|a (OCoLC)843642667
|
| 040 |
|
|
|a MiAaPQ
|c MiAaPQ
|d MiAaPQ
|
| 050 |
|
4 |
|a HD31
|b .W387 1986
|
| 082 |
0 |
4 |
|a 658
|2 23
|
| 100 |
1 |
|
|a Watson, Tony J.
|
| 245 |
1 |
0 |
|a Management, organisation and employment strategy
|h [electronic resource]
|b new directions in theory and practice /
|c Tony J. Watson.
|
| 260 |
|
|
|a London ;
|a New York :
|b Routledge,
|c c1986.
|
| 300 |
|
|
|a 1 online resource (xiv, 258 p.).
|
| 490 |
0 |
|
|a Routledge Library Editions: Organizations: Theory & Behaviour ;
|v Volume 30
|
| 504 |
|
|
|a Includes bibliographical references and index.
|
| 533 |
|
|
|a Electronic reproduction. Ann Arbor, MI : ProQuest, 2015. Available via World Wide Web. Access may be limited to ProQuest affiliated libraries.
|
| 588 |
|
|
|a Description based on online resource; title from title page (ebrary, viewed May 29, 2013).
|
| 650 |
|
0 |
|a Management.
|
| 650 |
|
0 |
|a Personnel management.
|
| 655 |
|
4 |
|a Electronic books.
|
| 710 |
2 |
|
|a ProQuest (Firm)
|
| 856 |
4 |
0 |
|u https://ebookcentral.proquest.com/lib/matrademy/detail.action?docID=1186467
|z Click to View
|